SYLVIE DANGEVILLE, « Le Théâtre change et représente » : Lecture critique des œuvres dramatiques du marquis de Sade. Préface de Maurice Lever. Paris, Honoré Champion, coll. « Les Dix-Huitièmes siècles », n° 29.1999. Un vol. 16 × 23,5 de 698 p., 16 ill. (notice n° 1653446)
[ vue normale ]
| 000 -LEADER | |
|---|---|
| fixed length control field | 01452cam a2200157 4500500 |
| 005 - DATE AND TIME OF LATEST TRANSACTION | |
| control field | 20260208005722.0 |
| 041 ## - LANGUAGE CODE | |
| Language code of text/sound track or separate title | fre |
| 042 ## - AUTHENTICATION CODE | |
| Authentication code | dc |
| 100 10 - MAIN ENTRY--PERSONAL NAME | |
| Personal name | Nies, Fritz |
| Relator term | author |
| 245 00 - TITLE STATEMENT | |
| Title | SYLVIE DANGEVILLE, « Le Théâtre change et représente » : Lecture critique des œuvres dramatiques du marquis de Sade. Préface de Maurice Lever. Paris, Honoré Champion, coll. « Les Dix-Huitièmes siècles », n° 29.1999. Un vol. 16 × 23,5 de 698 p., 16 ill. |
| 260 ## - PUBLICATION, DISTRIBUTION, ETC. | |
| Date of publication, distribution, etc. | 2003.<br/> |
| 500 ## - GENERAL NOTE | |
| General note | 93 |
| 520 ## - SUMMARY, ETC. | |
| Summary, etc. | Le monde moderne est-il pensable sans le roman ? Le roman est-il pensable sans le monde moderne? Répondre « non » à ces deux questions signifie s’engager à donner des explicatins. Il romanzo de Franco Moretti fait l’un et l’autre, et s’en donne les moyens, dans une impressionnante œuvre collective en cinq volumes, avec plus de deux cents collaborateurs, qui est en cours de publication chez Einaudi, à Turin.A ce jour, les deux premiers volumes sont parus, le troisième est sous presse. Cet article expose les ambitions intellectuelles et les principes de composition de cette somme théorique et critique sur le roman, analysé comme phénomène culturel majeur de notre temps. |
| 786 0# - DATA SOURCE ENTRY | |
| Note | Revue d'histoire littéraire de la France | 103 | 1 | 2003-03-01 | p. 193g-239g | 0035-2411 |
| 856 41 - ELECTRONIC LOCATION AND ACCESS | |
| Uniform Resource Identifier | <a href="https://shs.cairn.info/revue-d-histoire-litteraire-de-la-france-2003-1-page-193g?lang=fr&redirect-ssocas=7080">https://shs.cairn.info/revue-d-histoire-litteraire-de-la-france-2003-1-page-193g?lang=fr&redirect-ssocas=7080</a> |
Pas d'exemplaire disponible.




Réseaux sociaux